Estructura y funcionamiento de una comunidad cristiana popular (Record no. 355118)

000 -CABECERA
Campo de control de longitud fija 00342nab a22001097u 4500
008 - CÓDIGOS DE INFORMACIÓN DE LONGITUD FIJA
Campo de control de longitud fija 130520b1984 xxu||||| |||| 00| 0 spa d
041 ## - CÓDIGO DE LENGUA
Código de lengua del texto/banda sonora o título independiente spa
100 1# - PUNTO DE ACCESO PRINCIPAL-NOMBRE DE PERSONA
Nombre de persona Molina, U.
9 (RLIN) 67336
245 00 - MENCIÓN DE TÍTULO
Título Estructura y funcionamiento de una comunidad cristiana popular
Mención de responsabilidad, etc. U. Molina
773 0# - ENLACE AL DOCUMENTO FUENTE
Título Concilium
Parte(s) relacionada(s) V.2,1984,págs.321-330
Número Internacional Normalizado para Publicaciones Seriadas (ISSN) 0210-1041
Número de control del registro relacionado Rev134
942 ## - ENTRADA DE ELEMENTOS AGREGADOS (KOHA)
Koha [por defecto] tipo de item Artículos de revista
Holdings
Suprimido Perdido Estropeado No para préstamo Localización permanente Localización actual Localización en estantería Fecha adquisición Préstamos totales Fecha última consulta Fecha del precio de reemplazo Tipo de item de Koha
        San Esteban San Esteban Depósito de revistas 21/05/2013   21/05/2013 21/05/2013 Artículos de revista

Bibliotecas Dominicos Provincia Hispania, 2016

Con tecnología Koha